Most Iconic Opening Lyrics - Statistics

General Stats
  • This quiz has been taken 65 times
    44 since last reset
  • The average score is 22 of 40
Answer Stats
Lyrics Song % Correct
Is this the real life? Is this just fantasy? Bohemian Rhapsody
100%
Somebody once told me the world is gonna roll me, I ain't the sharpest tool in the shed All Star
90%
As I walk through the valley of the shadow of death, I take a look at my life and realize there's not much left Gangsta's Paradise
79%
Just a small time girl, living in a lonely world, she took the midnight train going anywhere Don't Stop Believing
77%
When I find myself in times of trouble, Mother Mary comes to me, speaking words of wisdom, let it be Let it Be
77%
Coming out of my cage and I've been doing just fine Mr Brightside
77%
A long, long time ago I can still remember how that music used to make me smile American Pie
72%
At first I was afraid, I was petrified, kept thinking I could never live without you by my side I Will Survive
72%
Shot through the heart, and you're to blame, darling you give love a bad name You Give Love A Bad Name
69%
On a dark desert highway, cool wind in my hair Hotel California
67%
It's nine o'clock on a Saturday, and the regular crowd shuffles in, there's an old man sitting next to me, making love to his tonic and gin Piano Man
67%
There is a house in New Orleans House of the Rising Sun
64%
Look, if you had one shot, one opportunity, to seize anything you ever wanted? Would you capture it, or just let it slip? Lose Yourself
64%
There's a lady who's sure, all that glitters is gold, and she's buying the stairway to heaven Stairway to Heaven
64%
Hello darkness my old friend, I've come to talk with you again The Sound of Silence
64%
Turn around, every now and then I get a little lonely and you're never coming around Total Eclipse of the Heart
64%
We're no strangers to love, you know the rules and so do I Never Gonna Give You Up
62%
She was just like a beauty queen, from a movie scene Billie Jean
59%
I got my first real six string, bought it at the five and dime, played it till my fingers bled Summer of 69
59%
If you're having girl problems I feel bad for you son, I got 99 problems but a b*tch ain't one 99 Problems
56%
I walk a lonely road, the only one that I have ever known, don't know where it goes, but it's only me and I walk alone Boulevard of Broken Dreams
54%
Well I heard there was a secret chord, that David played and it pleased the lord Hallelujah
51%
ALL ABOARD, HAHAHAHAHAHA Crazy Train
46%
I hurt myself today, to see if I still feel, I focus on the pain, the only thing that's real Hurt
46%
Well you can tell by the way I use my walk, I'm a woman's man Staying Alive
46%
When I was a young boy, my father took me into the city, to see a marching band Welcome to the Black Parade
46%
Tonight, I'm gonna have myself a real good time, I feel alive Don't Stop Me Now
44%
She got a smile that it seems to me reminds me of childhood memories Sweet Child of Mine
44%
Do you have the time, to listen to me whine, about nothing and everything all at once Basket Case
41%
She take my money, when I'm in need yeah shes a triflin' friend indeed Gold Digger
41%
Oh, well imagine, as I'm pacing the pews in a church corridor I Write Sins not Tragedies
41%
Load up on guns and bring your friends, its fun to lose and to pretend Smells Like Teen Spirit
41%
Listen to the wind blow, watch the sun rise The Chain
41%
Blue jean baby, LA lady, seamstress for the band Tiny Dancer
33%
There must be some kind of way out of here, said the joker to the thief All Along the Watchtower
31%
So, so you think you could tell, heaven from hell? Wish You Were Here
31%
We come from the land of the ice and snow, from the midnight sun where the hot springs flow Immigrant Song
28%
Say you're prayers little one, don't forget my son, to include everyone Enter Sandman
26%
Now this is the story all about how, my life got flipped, turned upside down Yo Home to Bel-Air
21%
Dearly beloved, we have gathered here today to get through this thing called life Let's Go Crazy
13%
No matching quizzes found
Score Distribution
Percent of People with Each Score
Percentile by Number Answered
Your Score History
You have not taken this quiz since the last reset